| 000 | 00531nam a2200181Ia 4500 | ||
|---|---|---|---|
| 003 | OSt | ||
| 005 | 20260129112056.0 | ||
| 008 | 210210b1948 xxu||||| |||| 00| 0 eng d | ||
| 040 | _cAL | ||
| 041 | _aKannada | ||
| 082 | _a853/392 | ||
| 100 |
_aLAKSHMANARAYA BENDRE _9161801 _d ಲಕ್ಷ್ಮಣರಾಯ ಬೇಂದ್ರೆ. |
||
| 245 |
_aParivartana: _bಪರಿವರ್ತನ |
||
| 260 |
_aDharavada _bManohara Grantha Prakashana Samiti _c1948 |
||
| 690 |
_aKannada Drama _9161802 |
||
| 906 | _a019667 | ||
| 942 |
_2ddc _cBK |
||
| 999 |
_c143808 _d143808 |
||